Statistics for American TV Theme Songs

Click here to take the quiz!

General Stats

  • This quiz has been taken 53,512 times
    (14,078 since last reset)
  • The average score is 11 of 20

Answer Stats

LyricTV Show% Correct
I'll be there for you / 'cause you're there for me tooFriends
94%
Now this is a story all about how, my life got switched, turned upside downThe Fresh Prince of Bel-Air
91%
They're a modern stone age family / From the town of BedrockThe Flintstones
90%
Our whole universe was in a hot dense state /
Then nearly fourteen billion years ago expansion started
The Big Bang Theory
87%
They're creepy and they're kooky / Mysterious and spookyThe Addams Family
74%
Sometimes you want to go, where everybody knows your nameCheers
64%
It seems today, that all you see, is violence in movies and sex on TVFamily Guy
55%
Bad boy, bad boys whatcha gonna do?Cops
52%
Here's the story of a lovely lady who was bringing up three very lovely girlsThe Brady Bunch
49%
Thank you for being a friendGolden Girls
45%
Love and marriage / Go together like a horse and carriageMarried... with Children
44%
Hey baby, I hear the blues a-callin' / Tossed salad and scrambled eggsFrasier
42%
A horse is a horse, of course, of courseMr. Ed
42%
People say we monkey around / But we're too busy singing / to put anybody downThe Monkees
42%
Who are you? / Who who / Who whoCSI
36%
Come and knock on our door / We've been waiting for youThree's Company
34%
Feels so right you can't be wrong / Rockin' and rollin' all week longHappy Days
33%
Na na na na na na na na / Na na na na na na na naBatman
32%
Schlemeel, schlemazel, hasenfeffer incorporated / We're gonna do it!Laverne and Shirley
26%
Yes, no, maybe. I don't know. Can you repeat the question?Malcolm in the Middle
26%

Score Distribution

Percentile by Number Answered

Percent of People with Each Score

Your Score History

You have not taken this quiz since the last reset